|
|
|
|
| LEADER |
00675nam a22001697a 4500 |
| 008 |
180420b xxu||||| |||| 00| 0 eng d |
| 999 |
|
|
|c 22278
|d 22278
|
| 082 |
|
|
|a 923.55
|b VAL
|
| 240 |
|
|
|a Yudhakalathe pranayam
|
| 245 |
|
|
|a യുദ്ധകാലത്തെ പ്രണയം /
|c വിജയന് വള്ളിക്കാവ്
|
| 250 |
|
|
|a 1st ed.
|
| 260 |
|
|
|a തൃശൂര് :
|c 2017.
|
| 300 |
|
|
|a 320p.
|
| 650 |
|
|
|a അനുഭവം
|
| 700 |
|
|
|a Vallikkavu, Vijayan
|
| 942 |
|
|
|2 ddc
|c BK
|
| 952 |
|
|
|0 0
|1 0
|2 ddc
|4 0
|6 923_550000000000000_VAL
|7 0
|9 30851
|a MAIN
|b MAIN
|d 2018-04-20
|e Prabhath Book House
|g 350.00
|l 1
|o 923.55 VAL
|p 31444
|r 2019-09-24
|s 2019-06-26
|t 1
|w 2018-04-20
|y BK
|